|
|
|
|
| LEADER |
00000nab a2200000 a 4500 |
| 001 |
vtls000727514 |
| 003 |
SK-MaSNL |
| 005 |
20260303221900.0 |
| 008 |
140328c2000 xo 0 slo |
| 015 |
|
|
|a SNBRB2000/07-19265
|
| 035 |
|
|
|a CLN000079666
|
| 040 |
|
|
|a SNKBUCL
|b slo
|c SNKBUCL
|e AACR2
|
| 041 |
0 |
|
|a slo
|
| 044 |
|
|
|a xo
|c SK
|
| 080 |
|
|
|a 599(437.6):502.743:061.3
|2 1997
|
| 080 |
|
|
|a 502.743(437.6)
|2 1997
|
| 100 |
1 |
|
|a Uhrin, Marcel,
|d 1966-
|4 aut
|9 76927
|
| 245 |
1 |
0 |
|a Konferencia "Výskum a ochrana cicavcov na Slovensku"
|c Marcel Uhrin
|
| 650 |
0 |
7 |
|a cicavce
|x výskum
|x ochrana
|z Slovensko
|x konferencie
|x 1999
|2 snkbucl
|9 1255807
|
| 655 |
|
7 |
|a články z novín a časopisov
|2 snkbucl
|9 267496
|
| 773 |
0 |
|
|t Chránené územia Slovenska
|g Č. 43 (2000), s. 28
|x 1335-1737
|
| 850 |
|
|
|a Slovenská národná knižnica v Martine
|
| 852 |
|
|
|a SNK
|b KIS3GCP
|
| 958 |
|
|
|a SK
|
| 992 |
|
|
|a RBX
|
| 999 |
|
|
|c 2236749
|d 2238679
|